[Event "European Rapid 2016"]
[Site "Tallinn EST"]
[Date "2016.12.15"]
[Round "2.21"]
[White "Halkias, Stelios"]
[Black "Krustkalns, Kristaps"]
[Result "1-0"]
[WhiteTitle "GM"]
[BlackTitle "FM"]
[WhiteElo "2585"]
[BlackElo "2201"]
[WhiteFideId "4201809"]
[BlackFideId "11602686"]
[EventDate "2016.12.15"]

1. e4 e5 2. Nf3 Nc6 3. Bb5 a6 4. Ba4 Nf6 5. O-O Be7 6. Re1 b5 7. Bb3 d6 8. c3
O-O 9. d4 Bg4 10. Be3 exd4 11. cxd4 Na5 12. Bc2 Nc4 13. Bc1 c5 14. b3 Nb6 15.
Bb2 c4 16. h3 Bh5 17. d5 Nfd7 18. g4 Bg6 19. Nd4 Bg5 20. Nc6 Qc7 21. Nd2 Ne5 22.
Nf3 Nxf3+ 23. Qxf3 Nxd5 24. exd5 Bxc2 25. Qc3 f5 26. Ne7+ 1-0

[Event "European Rapid 2016"]
[Site "Tallinn EST"]
[Date "2016.12.15"]
[Round "2.22"]
[White "Baliasnyj, Timur"]
[Black "Vitiugov, Nikita"]
[Result "0-1"]
[BlackTitle "GM"]
[WhiteElo "2211"]
[BlackElo "2726"]
[WhiteFideId "12802719"]
[BlackFideId "4152956"]
[EventDate "2016.12.15"]

1. c4 b6 2. Nc3 Bb7 3. e4 e5 4. g3 Nc6 5. Bg2 Bc5 6. Nge2 h5 7. O-O h4 8. d3
hxg3 9. hxg3 Nd4 10. Nxd4 Bxd4 11. Ne2 Bc5 12. d4 exd4 13. Nxd4 Qe7 14. Nf5 Qf8
15. a3 g6 16. Nd4 O-O-O 17. b4 Bxd4 18. Qxd4 Ne7 19. Bg5 Rh5 20. Bf6 Re8 21.
Rad1 d6 22. Qc3 Nc6 23. f4 Kb8 24. Rd5 Rh7 25. c5 Ne7 26. Rd2 dxc5 27. bxc5 Ng8
28. cxb6 axb6 29. Rd7 Qc5+ 30. Qxc5 bxc5 31. Be5 Nh6 32. Bf3 Re6 33. Rc1 Rc6 34.
Be2 0-1

[Event "European Rapid 2016"]
[Site "Tallinn EST"]
[Date "2016.12.15"]
[Round "2.23"]
[White "Bartel, Mateusz"]
[Black "Reshetnikov, Evgeny"]
[Result "1-0"]
[WhiteTitle "GM"]
[BlackTitle "FM"]
[WhiteElo "2641"]
[BlackElo "2296"]
[WhiteFideId "1112635"]
[BlackFideId "4138210"]
[EventDate "2016.12.15"]

1. Nf3 Nf6 2. g3 d5 3. Bg2 c6 4. O-O Bf5 5. c4 h6 6. cxd5 cxd5 7. Nc3 Nc6 8. d3
e6 9. Qa4 Nd7 10. e4 Nc5 11. Qc2 Bh7 12. Rd1 Be7 13. a3 d4 14. Na4 Nxa4 15. Qxa4
O-O 16. Bf4 Bd6 17. Bxd6 Qxd6 18. Rac1 f5 19. e5 Nxe5 20. Nxe5 Qxe5 21. Re1 Qd6
22. f4 Rac8 23. Bxb7 Rxc1 24. Rxc1 e5 25. Qc6 Qxc6 26. Bxc6 exf4 27. gxf4 g5 28.
Kf2 gxf4 29. Kf3 a5 30. b4 axb4 31. axb4 Kf7 32. Rc4 Ke6 33. b5 Rb8 34. Kxf4 Bg6
35. Rxd4 Be8 36. Bxe8 Rxe8 37. b6 Rb8 38. Rb4 Kd6 39. b7 Kc7 40. h4 h5 41. Kxf5
Rf8+ 42. Kg6 Kb8 43. Kxh5 Rg8 44. Kh6 Rg3 45. d4 Rg4 46. h5 Rg1 47. Rb5 Rg4 48.
d5 Rg1 49. d6 Rd1 50. Rb6 Rg1 51. d7 Rd1 52. Rg6 Ka7 53. b8=Q+ 1-0

[Event "European Rapid 2016"]
[Site "Tallinn EST"]
[Date "2016.12.15"]
[Round "2.24"]
[White "Cherepov, Alexej"]
[Black "Fridman, Daniel"]
[Result "0-1"]
[BlackTitle "GM"]
[WhiteElo "2106"]
[BlackElo "2596"]
[WhiteFideId "13503650"]
[BlackFideId "11600454"]
[EventDate "2016.12.15"]

1. d4 Nf6 2. c4 e6 3. g3 d5 4. Bg2 Bb4+ 5. Bd2 a5 6. Nf3 O-O 7. O-O dxc4 8. Bxb4
axb4 9. Ne5 Nc6 10. Nxc6 bxc6 11. Bxc6 Rb8 12. e3 Nd5 13. Nd2 Qd6 14. Ba4 Qa6
15. Bc2 c3 16. bxc3 Nxc3 17. Qh5 g6 18. Qh6 Bb7 19. f3 f5 20. Bb3 Bd5 21. e4
Bxb3 22. Nxb3 fxe4 23. fxe4 Qd3 24. e5 Qe4 25. Rf6 Ne2+ 26. Kf2 Nxd4 27. Re1
Qc2+ 28. Kf1 Nf5 29. Qg5 Qxh2 0-1

[Event "European Rapid 2016"]
[Site "Tallinn EST"]
[Date "2016.12.15"]
[Round "2.25"]
[White "Turov, Maxim"]
[Black "Narva, Jaan"]
[Result "1-0"]
[WhiteTitle "GM"]
[BlackTitle "FM"]
[WhiteElo "2594"]
[BlackElo "2129"]
[WhiteFideId "4120086"]
[BlackFideId "4500148"]
[EventDate "2016.12.15"]

1. d4 Nf6 2. c4 e6 3. Nc3 Bb4 4. Qc2 c5 5. dxc5 Na6 6. a3 Bxc3+ 7. Qxc3 Nxc5 8.
f3 d6 9. e4 O-O 10. b4 Na4 11. Qb3 Bd7 12. Be3 a5 13. Rc1 axb4 14. axb4 b6 15.
Bd3 Nh5 16. Ne2 Qh4+ 17. g3 Qh3 18. Kf2 e5 19. g4 Qh4+ 20. Kg2 Bxg4 21. fxg4
Qxg4+ 22. Ng3 Nf4+ 23. Kf2 Nh3+ 24. Ke1 Nf4 25. Kd2 h5 26. Rcg1 Nh3 27. Nf5 Nxg1
28. Nh6+ gxh6 29. Rxg1 Kh7 30. Rxg4 hxg4 31. Be2 Rg8 32. Bf2 h5 33. Kc2 b5 34.
cxb5 Rac8+ 35. Kd2 Nc3 36. Qxf7+ Rg7 37. Qf5+ 1-0

[Event "European Rapid 2016"]
[Site "Tallinn EST"]
[Date "2016.12.15"]
[Round "2.26"]
[White "Sirotkina, Nina"]
[Black "Rakhmanov, Aleksandr"]
[Result "0-1"]
[WhiteTitle "WIM"]
[BlackTitle "GM"]
[WhiteElo "2178"]
[BlackElo "2667"]
[WhiteFideId "4107284"]
[BlackFideId "4173708"]
[EventDate "2016.12.15"]

1. d4 Nf6 2. Nf3 g6 3. Bg5 Bg7 4. Nbd2 d6 5. c3 O-O 6. e4 Nbd7 7. Bc4 e5 8. dxe5
dxe5 9. O-O h6 10. Bh4 Qe8 11. a4 Nc5 12. Qe2 Bd7 13. a5 Ne6 14. Bg3 Nh5 15.
Rfd1 Kh7 16. Ne1 Nhf4 17. Qe3 h5 18. Bxe6 Nxe6 19. Nd3 Bh6 20. Qe2 f6 21. f3 Bb5
22. c4 Nd4 23. Qf1 Ba4 24. b3 Nxb3 25. Nxb3 Bxb3 26. Rdb1 Bxc4 27. Rxb7 Qc6 28.
Rb2 Qa6 29. Ra3 Rad8 0-1

[Event "European Rapid 2016"]
[Site "Tallinn EST"]
[Date "2016.12.15"]
[Round "2.27"]
[White "Huzman, Alexander"]
[Black "Kovalevsky, Arkady"]
[Result "1/2-1/2"]
[WhiteTitle "GM"]
[WhiteElo "2557"]
[BlackElo "2142"]
[WhiteFideId "2803828"]
[BlackFideId "11602376"]
[EventDate "2016.12.15"]

1. Nf3 d5 2. d4 Nf6 3. c4 e6 4. g3 Be7 5. Bg2 O-O 6. Qc2 c6 7. O-O Nbd7 8. Nbd2
c5 9. cxd5 exd5 10. dxc5 Nxc5 11. Nb3 Nce4 12. Bf4 Be6 13. Rac1 Rc8 14. Qd3 Nc5
15. Nxc5 Bxc5 16. a3 Qe7 17. Nd4 Rfd8 18. h3 a6 19. Be3 Bd6 20. Bd2 Qd7 21. Kh2
Rxc1 22. Rxc1 Rc8 23. Rxc8+ Qxc8 24. Bc3 Be7 25. e3 Nd7 26. Qe2 Bf6 27. f4 Nc5
28. Nxe6 Qxe6 29. Bxf6 gxf6 30. Qh5 Qxe3 31. Qxd5 b5 32. Qd8+ Kg7 33. Qb6 Qc1
34. b4 Nd3 35. Qxa6 Qb2 36. Qxb5 Qxa3 37. Qf5 Nxb4 38. h4 Qe3 39. Qg4+ Kf8 40.
Qf5 Kg7 41. h5 h6 42. Qg4+ Kf8 43. Qf5 Kg7 44. Be4 Kf8 45. Kh3 Ke7 46. Kg4 Qd4
47. Kh3 Qd7 48. Qxd7+ Kxd7 49. Kg4 Na6 50. Kf5 Nc5 51. Bd5 Ke7 52. g4 Nd7 53.
Ke4 Nc5+ 54. Kf5 Nd7 55. Ke4 1/2-1/2

[Event "European Rapid 2016"]
[Site "Tallinn EST"]
[Date "2016.12.15"]
[Round "2.28"]
[White "Balint, Vilmos"]
[Black "Ponkratov, Pavel"]
[Result "0-1"]
[BlackTitle "GM"]
[WhiteElo "2289"]
[BlackElo "2607"]
[WhiteFideId "718050"]
[BlackFideId "4157800"]
[EventDate "2016.12.15"]

1. Nf3 c5 2. c4 Nc6 3. g3 e5 4. Nc3 g6 5. Bg2 Bg7 6. O-O Nge7 7. Ne1 d6 8. Nc2
f5 9. d3 O-O 10. Ne3 Rb8 11. Ned5 h6 12. a3 a6 13. b4 Kh7 14. Rb1 cxb4 15. axb4
b5 16. cxb5 axb5 17. f4 Be6 18. Be3 Qd7 19. Qd2 Nd4 20. Rfc1 exf4 21. gxf4 Rfc8
22. Bf2 Nxd5 23. Nxd5 Rxc1+ 24. Rxc1 Nb3 25. Qd1 Nxc1 26. Qxc1 Rc8 27. Qe3 Qf7
28. Nb6 Rc2 29. h4 h5 30. Qf3 d5 31. Bc5 Qf6 32. Qe3 Qxh4 33. Nxd5 Bxd5 34. Bxd5
Qe1+ 35. Kg2 Rxe2+ 0-1

[Event "European Rapid 2016"]
[Site "Tallinn EST"]
[Date "2016.12.15"]
[Round "2.29"]
[White "Piorun, Kacper"]
[Black "Styazhkina, Anna"]
[Result "1-0"]
[WhiteTitle "GM"]
[BlackTitle "WIM"]
[WhiteElo "2657"]
[BlackElo "2289"]
[WhiteFideId "1130420"]
[BlackFideId "24119300"]
[EventDate "2016.12.15"]

1. c4 e5 2. g3 Nf6 3. Bg2 d5 4. cxd5 Nxd5 5. Nc3 Nb6 6. e3 Nc6 7. Nge2 Bg4 8. h3
Bh5 9. d4 exd4 10. exd4 Be7 11. O-O O-O 12. d5 Na5 13. b3 Bf6 14. g4 Bg6 15. Ba3
Be7 16. Qc1 f5 17. Nd4 Rf7 18. Bxe7 Qxe7 19. Re1 Qh4 20. Nf3 Qf6 21. g5 Qd6 22.
Ne5 Rff8 23. Nxg6 Qxg6 24. Re6 Qh5 25. Qf4 Rad8 26. Rae1 c6 27. Bf3 Qxh3 28.
R1e3 1-0

[Event "European Rapid 2016"]
[Site "Tallinn EST"]
[Date "2016.12.15"]
[Round "2.30"]
[White "Petrov, Dmitri"]
[Black "Potkin, Vladimir"]
[Result "1/2-1/2"]
[BlackTitle "GM"]
[WhiteElo "2204"]
[BlackElo "2597"]
[WhiteFideId "4503279"]
[BlackFideId "4131061"]
[EventDate "2016.12.15"]

1. e4 c5 2. Nf3 e6 3. d4 cxd4 4. Nxd4 Nc6 5. Be2 Nf6 6. Nc3 d6 7. O-O Be7 8. Be3
O-O 9. f4 Qc7 10. Nb3 a6 11. a4 b6 12. Qe1 Na5 13. Nd2 Bb7 14. Qg3 Rac8 15. Kh1
Nc6 16. Qf2 Nd7 17. Bf3 Nb4 18. Rac1 Rfe8 19. Rfd1 Ba8 20. Be2 Rb8 21. Nc4 d5
22. Nd2 Nc5 23. e5 f6 24. Nf3 Nc6 25. Qg3 Rf8 26. f5 Kh8 27. fxe6 Nxe5 28. Nxe5
fxe5 29. Nxd5 Qd6 30. Nxe7 Qxe7 31. Qxe5 Nxe6 32. Bc4 Rbe8 33. Rd6 Rf6 34. Bg5
Bxg2+ 35. Kxg2 Rg6 36. h4 Nf4+ 37. Qxf4 Qxd6 38. Qxd6 Rxd6 39. Bxa6 h6 40. Bf4
Rd4 41. Rf1 Rf8 42. Bg3 Rxf1 43. Kxf1 Rxa4 44. Bd3 g5 45. hxg5 hxg5 46. Bf2 Rb4
47. b3 b5 48. Ke2 Kg7 49. Be1 Rf4 50. Bd2 Rg4 51. Kf3 Rg1 52. Be3 g4+ 53. Kf4
Rg2 54. c3 g3 55. b4 Kf7 56. Bxb5 Rc2 57. Bc4+ Ke7 58. Bc5+ Kd7 59. Bb5+ Ke6 60.
Kxg3 Rxc3+ 61. Kf4 Kd5 62. Be7 Rc7 63. Bc5 Rxc5 64. bxc5 Kxc5 65. Ke4 1/2-1/2

[Event "European Rapid 2016"]
[Site "Tallinn EST"]
[Date "2016.12.15"]
[Round "2.31"]
[White "Grandelius, Nils"]
[Black "Peleshev, Leonid"]
[Result "1-0"]
[WhiteTitle "GM"]
[BlackTitle "FM"]
[WhiteElo "2643"]
[BlackElo "2269"]
[WhiteFideId "1710400"]
[BlackFideId "4500717"]
[EventDate "2016.12.15"]

1. e4 e5 2. Nf3 Nc6 3. Nc3 Nf6 4. Bb5 Bb4 5. O-O O-O 6. d4 Bxc3 7. bxc3 Nxe4 8.
Bd3 d5 9. Nxe5 Qh4 10. Nxc6 bxc6 11. Qe1 Nd6 12. f3 Qxe1 13. Rxe1 Be6 14. Rb1
Rab8 15. Rb3 Rxb3 16. axb3 h6 17. Bd2 a5 18. Ra1 Ra8 19. Ra4 Nb7 20. Bf4 Bd7 21.
Bxc7 c5 22. Ra3 c4 23. bxc4 dxc4 24. Be4 Rc8 25. Bxa5 Nxa5 26. Rxa5 Kf8 27. Kf2
Ke7 28. Ra7 Kd6 29. Rxd7+ Kxd7 30. Bf5+ Kc7 31. Bxc8 Kxc8 32. Ke3 Kc7 33. d5 1-0

[Event "European Rapid 2016"]
[Site "Tallinn EST"]
[Date "2016.12.15"]
[Round "2.32"]
[White "Muter, Donny"]
[Black "Chigaev, Maksim"]
[Result "1/2-1/2"]
[BlackTitle "GM"]
[WhiteElo "2206"]
[BlackElo "2531"]
[WhiteFideId "409170"]
[BlackFideId "4108116"]
[EventDate "2016.12.15"]

1. d4 Nf6 2. Nf3 g6 3. Bg5 Bg7 4. Nbd2 d6 5. e4 O-O 6. c3 c5 7. dxc5 dxc5 8. h3
h6 9. Be3 b6 10. Bc4 Bb7 11. Qc2 Qc7 12. O-O Nbd7 13. Rfe1 e6 14. Rad1 Rad8 15.
Bf1 g5 16. g3 Bc6 17. Bg2 Qb7 18. Nh2 Ne5 19. f3 Nh5 20. Nhf1 f5 21. Bf2 Nd3 22.
Re2 Nxf2 23. Rxf2 Kh8 24. exf5 exf5 25. Nc4 Qc7 26. g4 Rxd1 27. Qxd1 Nf4 28.
Nce3 fxg4 29. hxg4 h5 30. gxh5 Nxh5 31. Bh3 Be5 32. Bg4 Nf6 33. Qd3 Qh7 34.
Qxh7+ Kxh7 35. Kg2 Bf4 36. Bf5+ Kg7 37. Ng4 Nxg4 38. Bxg4 Re8 39. Ng3 Re1 40.
Nh5+ Kf7 41. Nxf4 gxf4 42. Rd2 Ke7 43. Kf2 Rh1 44. Re2+ Kd6 45. Kg2 Ra1 46. a3
Bd5 47. Bf5 a5 48. Rd2 Ke5 49. Bg4 Bc4 50. Bh5 Rb1 51. Bg6 Rc1 52. Be4 Ra1 53.
Rd8 b5 54. Re8+ Kd6 55. Rd8+ Kc7 56. Rd2 Ra2 57. Kh3 a4 58. Kg4 Kb6 59. Kxf4 b4
60. cxb4 cxb4 61. axb4 Kb5 62. Bb1 Ra1 63. Bd3 Bxd3 64. Rxd3 Ra2 65. Kf5 Rxb2
66. f4 Kxb4 67. Rd8 a3 68. Kf6 a2 69. Ra8 Rc2 70. f5 Kb5 71. Rb8+ Ka5 72. Ra8+
Kb6 73. Ra3 Kb5 74. Kg5 Rg2+ 75. Kf6 Kb4 76. Ra7 Kb3 77. Kf7 Rc2 78. Rb7+ Kc3
79. Ra7 Kb2 80. Rb7+ Kc1 81. Ra7 Kb1 82. Rxa2 Kxa2 83. f6 Kb3 84. Ke7 Kc4 85. f7
Rf2 1/2-1/2

[Event "European Rapid 2016"]
[Site "Tallinn EST"]
[Date "2016.12.15"]
[Round "2.33"]
[White "Zvjaginsev, Vadim"]
[Black "Chukavin, Kirill"]
[Result "1-0"]
[WhiteTitle "GM"]
[WhiteElo "2679"]
[BlackElo "2096"]
[WhiteFideId "4113403"]
[BlackFideId "4503023"]
[EventDate "2016.12.15"]

1. e4 c5 2. Nf3 Nc6 3. Bb5 e6 4. O-O Nge7 5. Re1 a6 6. Bf1 d5 7. d3 d4 8. e5 Ng6
9. g3 Be7 10. h4 h5 11. a4 Qc7 12. Qe2 b6 13. Na3 Bb7 14. Bg2 Nf8 15. Bf4 Ng6
16. Bd2 O-O-O 17. Nc4 Kb8 18. Ng5 Rdf8 19. Be4 Bxg5 20. Bxg5 Ncxe5 21. Nxe5 Qxe5
22. Bxg6 Qxe2 23. Rxe2 fxg6 24. Rxe6 Re8 25. Be7 Kc7 26. Rae1 g5 27. Bxg5 Rxe6
28. Rxe6 Bc6 29. Bf4+ Kb7 30. Re7+ Ka8 31. a5 Re8 32. Rxe8+ Bxe8 33. axb6 Kb7
34. Bc7 Ba4 35. b3 Bc6 36. Kf1 a5 37. Ke2 a4 38. bxa4 Bxa4 39. Kd2 Bc6 40. c3
dxc3+ 41. Kxc3 Bd5 42. Kd2 g6 43. Ke3 Bb3 44. d4 cxd4+ 45. Kxd4 Bd1 46. Ke5 Be2
47. Kf4 Kc6 48. f3 Bd1 49. g4 Kb7 50. gxh5 gxh5 51. Ke4 Bc2+ 52. Ke5 Kc6 53. f4
Bg6 54. f5 Bf7 55. Kf6 Bd5 56. Ke7 1-0

[Event "European Rapid 2016"]
[Site "Tallinn EST"]
[Date "2016.12.15"]
[Round "2.34"]
[White "Zaksaite, Salomeja"]
[Black "Andriasian, Zaven"]
[Result "0-1"]
[WhiteTitle "WIM"]
[BlackTitle "GM"]
[WhiteElo "2274"]
[BlackElo "2621"]
[WhiteFideId "12801496"]
[BlackFideId "13302000"]
[EventDate "2016.12.15"]

1. e4 c5 2. Nf3 d6 3. d4 cxd4 4. Nxd4 Nf6 5. Nc3 a6 6. Bc4 g6 7. O-O Bg7 8. Bg5
O-O 9. Re1 Nbd7 10. Nb3 b5 11. Bf1 Bb7 12. Nd5 h6 13. Bxf6 Nxf6 14. c3 Nd7 15.
a4 e6 16. Nb4 a5 17. Nc2 bxa4 18. Rxa4 Bc6 19. Ra3 Nc5 20. Ncd4 Bb7 21. Nxc5
dxc5 22. Nb3 Qb6 23. Qa1 a4 24. Nd2 Bc6 25. Nc4 Qb7 26. Qc1 Rfd8 27. Qe3 Bb5 28.
Qxc5 Bf8 29. Qb6 Qxb6 30. Nxb6 Rab8 31. Bxb5 Rxb6 32. Bxa4 Bxa3 33. bxa3 Ra8 34.
Bc2 Rxa3 35. f3 Rxc3 36. Bd1 Rc1 0-1

[Event "European Rapid 2016"]
[Site "Tallinn EST"]
[Date "2016.12.15"]
[Round "2.35"]
[White "Anton Guijarro, David"]
[Black "Nestor, Kaarel"]
[Result "1-0"]
[WhiteTitle "GM"]
[WhiteElo "2650"]
[BlackElo "2114"]
[WhiteFideId "2285525"]
[BlackFideId "4502345"]
[EventDate "2016.12.15"]

1. d4 Nf6 2. c4 e5 3. dxe5 Ng4 4. Nf3 Bc5 5. e3 Nc6 6. Nc3 O-O 7. Be2 Re8 8. O-O
Ngxe5 9. Nxe5 Nxe5 10. f4 Nc6 11. Bd3 d6 12. Qh5 g6 13. Qh6 f5 14. Rf3 Be6 15.
Nd5 Rf8 16. Rh3 Qd7 17. a3 Bb6 18. Bd2 Qg7 19. Qxg7+ Kxg7 20. Bc3+ Kg8 21. Nf6+
Rxf6 22. Bxf6 Re8 23. b4 Kf7 24. Bc3 h5 25. Kf2 a6 26. Ke2 d5 27. c5 Ba7 28. Bd4
Nd8 29. Rf3 Bd7 30. Kd2 Ne6 31. Rc1 Bc6 32. Rff1 Bb8 33. g3 Nf8 34. h3 Bd7 35.
Ra1 Ba4 36. Rg1 c6 37. g4 fxg4 38. hxg4 hxg4 39. Rxg4 Bb5 40. Bc2 Re6 41. Rh1
Bc7 42. f5 1-0

[Event "European Rapid 2016"]
[Site "Tallinn EST"]
[Date "2016.12.15"]
[Round "2.36"]
[White "Bossy, Arnim"]
[Black "Pavlidis, Antonios"]
[Result "0-1"]
[BlackTitle "GM"]
[WhiteElo "2181"]
[BlackElo "2532"]
[WhiteFideId "4669100"]
[BlackFideId "4212312"]
[EventDate "2016.12.15"]

1. d4 Nf6 2. Bg5 d5 3. Bxf6 gxf6 4. c4 c6 5. e3 Rg8 6. cxd5 cxd5 7. Nc3 Nc6 8.
Nge2 e6 9. g3 Qb6 10. Qd2 Bd7 11. Bg2 h5 12. h4 Bd6 13. Bf3 Rh8 14. O-O-O Na5
15. Nf4 Rc8 16. Kb1 Nc4 17. Qe2 Ba3 18. b3 Na5 19. Qc2 Bb4 20. Nfe2 Ke7 21. Qb2
Qd6 22. e4 Rc7 23. exd5 Rhc8 24. Ne4 Qxd5 25. Nf4 Qf5 26. d5 Rc2 27. d6+ Bxd6
28. Qd4 R2c6 29. Nxh5 Nc4 30. Qxf6+ Qxf6 31. Nhxf6 Na3+ 0-1

[Event "European Rapid 2016"]
[Site "Tallinn EST"]
[Date "2016.12.15"]
[Round "2.37"]
[White "Kobalia, Mikhail"]
[Black "Martinkus, Rolandas"]
[Result "1-0"]
[WhiteTitle "GM"]
[BlackTitle "FM"]
[WhiteElo "2628"]
[BlackElo "2198"]
[WhiteFideId "4119150"]
[BlackFideId "12800481"]
[EventDate "2016.12.15"]

1. e4 e5 2. Nf3 Nc6 3. Bc4 Nf6 4. d3 Be7 5. O-O O-O 6. Re1 d6 7. a4 h6 8. Nbd2
Nh7 9. c3 Ng5 10. d4 Bf6 11. dxe5 Nxe5 12. Nxe5 dxe5 13. Qb3 Qe7 14. Nf1 Kh7 15.
a5 c6 16. Qc2 g6 17. b3 Rd8 18. Ne3 Bg7 19. Bf1 h5 20. Ba3 Qf6 21. Rad1 Bg4 22.
Rxd8 Rxd8 23. h4 Ne6 24. Nxg4 hxg4 25. g3 Nf4 26. gxf4 exf4 27. e5 Qxh4 28. e6
g3 29. Bg2 Bxc3 30. Re2 fxe6 31. Rxe6 Qh5 32. Qxc3 Rd1+ 33. Re1 gxf2+ 34. Kxf2
Qh4+ 35. Kf1 f3 36. Bxf3 Qh3+ 37. Ke2 1-0

[Event "European Rapid 2016"]
[Site "Tallinn EST"]
[Date "2016.12.15"]
[Round "2.38"]
[White "Montilla Carrillo, Esteban"]
[Black "Grigoriants, Sergey"]
[Result "0-1"]
[WhiteTitle "FM"]
[BlackTitle "GM"]
[WhiteElo "2177"]
[BlackElo "2563"]
[WhiteFideId "2208261"]
[BlackFideId "4130804"]
[EventDate "2016.12.15"]

1. d4 Nf6 2. c4 g6 3. Nc3 d5 4. cxd5 Nxd5 5. e4 Nxc3 6. bxc3 Bg7 7. Bc4 c5 8.
Ne2 O-O 9. O-O Nc6 10. Be3 Qc7 11. Rc1 Na5 12. Bd3 b6 13. Qd2 e6 14. Bf4 Qd7 15.
Bh6 Bb7 16. Bxg7 Kxg7 17. e5 Rac8 18. Qg5 Qd8 19. Qg4 Nc6 20. Rcd1 cxd4 21. cxd4
Nb4 22. Bb1 Ba6 23. Rfe1 Bxe2 24. Rxe2 Nd5 25. Ree1 Qe7 26. Rc1 Rxc1 27. Rxc1
Qa3 28. Qd1 Nc3 29. Qg4 Nd5 0-1

[Event "European Rapid 2016"]
[Site "Tallinn EST"]
[Date "2016.12.15"]
[Round "2.39"]
[White "Novikov, Stanislav"]
[Black "Orndahl, Markus"]
[Result "1-0"]
[WhiteTitle "GM"]
[WhiteElo "2513"]
[BlackElo "2155"]
[WhiteFideId "4125371"]
[BlackFideId "1709135"]
[EventDate "2016.12.15"]

1. e4 c5 2. Nf3 d6 3. c3 Nf6 4. Be2 e6 5. O-O Be7 6. Re1 O-O 7. Bf1 d5 8. e5
Nfd7 9. d4 Nc6 10. a3 f6 11. exf6 Nxf6 12. Bg5 Bd7 13. Nbd2 Rc8 14. b4 cxd4 15.
cxd4 a6 16. Nb3 Ne4 17. Bxe7 Nxe7 18. Nc5 Ng6 19. Nxb7 Qf6 20. Nc5 Bc6 21. Bxa6
Nf4 22. Bxc8 Rxc8 23. Rxe4 dxe4 24. Ne5 Bd5 25. Ng4 Qg5 26. Ne3 Nh3+ 27. Kf1
Nxf2 28. Kxf2 Rf8+ 29. Ke2 Bc4+ 30. Nxc4 Qxg2+ 31. Ke3 Qf2+ 32. Kxe4 Qf5+ 33.
Ke3 Qf2+ 34. Kd3 Rf3+ 35. Qxf3 Qxf3+ 36. Ne3 Qh5 37. b5 e5 38. d5 Qg6+ 39. Ne4
Qb6 40. Ke2 Qd4 41. Rd1 Qxe4 42. d6 Qa4 43. d7 Qxb5+ 44. Kf2 1-0

[Event "European Rapid 2016"]
[Site "Tallinn EST"]
[Date "2016.12.15"]
[Round "3.2"]
[White "Finkel, Alexander"]
[Black "Navara, David"]
[Result "1-0"]
[WhiteTitle "GM"]
[BlackTitle "GM"]
[WhiteElo "2511"]
[BlackElo "2725"]
[WhiteFideId "2801957"]
[BlackFideId "309095"]
[EventDate "2016.12.15"]

1. e4 c5 2. c3 d5 3. exd5 Qxd5 4. d4 Nf6 5. Nf3 e6 6. Be3 cxd4 7. cxd4 Bb4+ 8.
Nc3 O-O 9. Be2 Nbd7 10. O-O Bxc3 11. bxc3 b6 12. Nd2 Qd6 13. Bf3 Rb8 14. c4 Bb7
15. Bxb7 Rxb7 16. Qf3 Rc7 17. a4 e5 18. d5 Nc5 19. a5 Nfd7 20. Qg3 f5 21. f4 e4
22. Bd4 Qg6 23. Qe3 Nd3 24. Rfb1 Rb8 25. Rb5 Qg4 26. g3 bxa5 27. Rxb8+ Nxb8 28.
c5 Na6 29. d6 Rd7 30. Nxe4 fxe4 31. Qxe4 Qg6 32. f5 Qf7 33. Qxd3 Qd5 34. Qe3 Rf7
35. Qe8+ Rf8 36. Qe6+ 1-0

[Event "European Rapid 2016"]
[Site "Tallinn EST"]
[Date "2016.12.15"]
[Round "3.4"]
[White "Brodowski, Piotr"]
[Black "Wojtaszek, Radoslaw"]
[Result "0-1"]
[WhiteTitle "IM"]
[BlackTitle "GM"]
[WhiteElo "2444"]
[BlackElo "2749"]
[WhiteFideId "1124480"]
[BlackFideId "1118358"]
[EventDate "2016.12.15"]

1. g3 d5 2. Bg2 e5 3. c4 d4 4. d3 Nc6 5. Nf3 Bb4+ 6. Bd2 a5 7. O-O Nf6 8. Bxb4
axb4 9. Nbd2 O-O 10. Nb3 Bf5 11. Ne1 Qd6 12. Nc2 Ra4 13. Qd2 Rfa8 14. a3 bxa3
15. Nxa3 Qb4 16. Qxb4 Rxb4 17. Nc2 Rba4 18. Nc5 Rxa1 19. Rxa1 Rxa1+ 20. Nxa1 Bc8
21. Bxc6 bxc6 22. Nab3 Kf8 23. Na5 Ke7 24. b4 Kd6 25. f4 exf4 26. gxf4 Nh5 27.
Ne4+ Kd7 28. Nc5+ Kd6 29. Ne4+ Kd7 30. Nb3 f5 31. Nec5+ Kd6 32. Nxd4 Nxf4 33.
Kf2 g5 34. e4 Nh3+ 35. Kg2 f4 36. Nf3 g4 37. e5+ Ke7 38. Nd4 Bd7 39. Ne4 h5 40.
Nf6 h4 41. b5 f3+ 42. Kf1 c5 43. Nd5+ Kd8 44. Nb3 g3 45. hxg3 hxg3 46. Ne3 Nf4
47. Nd2 Bh3+ 48. Ke1 f2+ 49. Kd1 g2 0-1

[Event "European Rapid 2016"]
[Site "Tallinn EST"]
[Date "2016.12.15"]
[Round "3.5"]
[White "Onischuk, Vladimir"]
[Black "Luch, Michal"]
[Result "1-0"]
[WhiteTitle "GM"]
[BlackTitle "IM"]
[WhiteElo "2601"]
[BlackElo "2433"]
[WhiteFideId "14114038"]
[BlackFideId "1120042"]
[EventDate "2016.12.15"]

1. e4 c5 2. Nf3 e6 3. b3 b6 4. Bb2 Bb7 5. Nc3 d6 6. g3 Nf6 7. Bg2 Nxe4 8. Nxe4
Bxe4 9. O-O Nd7 10. Re1 Bb7 11. d4 Nf6 12. d5 Nxd5 13. Nh4 Be7 14. c4 Bxh4 15.
gxh4 Qxh4 16. cxd5 e5 17. Re4 Qe7 18. f4 f5 19. Re3 e4 20. Qh5+ Qf7 21. Qxf7+
Kxf7 22. Bh3 Bc8 23. Kf2 Rg8 24. Rg1 g6 25. Reg3 Bd7 26. Bf1 b5 27. h4 h5 28.
Be2 Raf8 29. a3 a6 30. b4 c4 31. Ke3 Rc8 32. Kd2 Rcf8 33. Bc3 Rc8 34. Bd4 Rcf8
35. a4 Rc8 36. axb5 Bxb5 37. Kc3 Rce8 38. Ra1 Rc8 39. Kd2 Rce8 40. Rga3 Ra8 41.
Be3 Rgc8 42. Kc3 Rc7 43. Ra5 Rb7 44. Rxb5 Rxb5 45. Bxc4 Rc8 46. Kb3 Rbb8 47.
Rxa6 Rd8 48. Ra7+ 1-0